000 01091pam a2200265 a 4500
999 _c232505
_d232505
001 3504341
003 Nust
005 20170220112513.0
008 950224s1995 enka b 001 0 eng
010 _a 95006736
020 _a0470235152
040 _aDLC
_cRCMS
_dDLC
050 0 0 _aQA911
_b.V47 1995
082 0 0 _a532 VER
100 1 _aVersteeg, H. K.
_q(Henk Kaarle),
_d1955
245 1 3 _aAn introduction to computational fluid dynamics :
_bthe finite volume method /
_cH.K. Versteeg and W. Malalasekera.
260 _aHarlow, Essex, England :
_aLongman Scientific & Technical ;
_bNew York :
_bWiley,
_c1995.
300 _ax, 257 p. :
_bill. ;
_c25 cm.
504 _aIncludes bibliographical references (p. [247]-254) and index.
650 0 _aFinite volume method.
650 0 _aComputational fluid dynamics.
700 1 _aMalalasekera, W.
_q(Weeratunge),
_d1960-
856 _3Table of contents only
_uhttp://www.loc.gov/catdir/toc/ecip0716/2007017469.html
906 _a7
_bcbc
_corignew
_d1
_eocip
_f19
_gy-gencatlg
942 _2ddc
_cBK